LEADER 01307nam a2200289 i 4500 001 000000116339 003 CaOOAMICUS 005 20030616000000.0 008 030616s1993 gw u000 u ger u 013 $a89028 020 $a3-7917-1329-9 040 $aSeMil$bita 245 10$aEuropa fordert die Christen :$bzur Problematik von Nation und Konfession /$cGünther Gillessen ... [et al.] ; mit einem Beitrag von Jean-Marie Lustiger. 260 $aRegensburg :$bFriedrich Pustet,$ccopyr. 1993. 300 $a154 p. ;$c21 cm. 500 $aFondo Card. C.M. Martini. 650 4$aNazionalismo.$0(OLS)http://semarc/subject/11354 650 4$aStato confessionale.$0(OLS)http://semarc/subject/21453 700 1 $aLustiger, Jean-Marie .$0(OLS)http://semarc/name/4414 700 1 $aGillessen, Günther.$0(OLS)http://semarc/name/48623 850 $aSeMil 852 $aSeMil$W1$xVenegono$y1$m2D II 106$j71808$B71808$CSeMilBibl$Z2$F91999 $81 941 1 $a4 961 $aOmaggio: Martini Card. Carlo Maria 996 $6020$a3-7917-1329-9$9(OLS)http://semarc/number/100461 996 $6245$aEuropa fordert die Christen :$bzur Problematik von Nation und Konfession$9(OLS)http://semarc/title/170621 996 $6260$aRegensburg :$bFriedrich Pustet$9(OLS)http://semarc/publisher/29640 LEADER 01108nam a2200229 i 4500 001 000000231150 003 CaOOAMICUS 005 20140714000000.0 008 140714s1974 it u000 u ita u 013 $a210053 040 $aSeMil$bita 100 1 $aBornkamm, Günther,$d<1905-1990>.$0(OLS)http://semarc/name/76 240 10$aBibel. Das Neue Testament.$0(OLS)http://semarc/title/330137 245 10$aBibbia. Il Nuovo Testamento :$bintroduzione nel quadro della storia del cristianesimo primitivo /$cGünther Bornkamm. 260 $aBrescia :$bMorcelliana,$ccopyr. 1974. 300 $a166 p. ;$c22 cm. 500 $aContiene : Appendice ; Indicazioni bibliografiche ; Indice dei passi biblici. 650 4$aBibbia. Nuovo Testamento. Vangeli.$0(OLS)http://semarc/subject/273 850 $aSeMil 852 $aSeMil$W1$xVenegono$y1$m2Z II 170$j181496$B181496$CSeMilBibl$Z2$F192315 $81 996 $6245$aBibbia. Il Nuovo Testamento :$bintroduzione nel quadro della storia del cristianesimo primitivo$9(OLS)http://semarc/title/330136 996 $6260$aBrescia :$bMorcelliana$9(OLS)http://semarc/publisher/29629